000 01954nam a2200253 i 4500
003 DO-SdBNP
005 20231103110407.0
006 a||||gr|||| 00| 0
007 ta
008 231101e1996 dr ||||| |||| 00| 0 spa d
040 _aDO-SdBNP
_bspa
_cBNPHU
_erda
082 4 _222
_bR337o
245 0 0 _aReglameto orgánico del Ejército Nacional. /
246 1 3 _aColección de publicaciones de la jefatura de Estado Mayor Ejercito Nacional:
_breglamento orgánico del Ejército Nacional.
264 _aSanto Domingo :
_bEjército Nacional,
_c1996
300 _a108 páginas ;
_c21 cm.
336 _2rdacontent
_atexto
_btxt
337 _2rdamedia
_asin mediación
_bn
338 _2rdacarrier
_avolumen
_bnc
505 _aIntroducción.
_tBreve historia del origen del Ejercito Nacional.--
_tDe la Constitución de la República.--
_gPRIMERA PARTE.
_tCapítulo I.
_tCreación y Función del Ejercito Nacional.--
_gCapítulo II.
_tComposición y Clasificación del Ejercito Nacional.--
_gCapítulo III.
_tDeberes de los mandos superiores y del Estado Mayor.--
_gCapítulo IV.
_tIngresos y Realistamiento.--
_gCapítulo V.
_tDel Estado Militar.--
_gCapítulo VI.
_tSuperioridad Jerárquica y Autoritaria.--
_gCapítulo VII.
_tCargo.--
_gCapítulo VIII.
_tMando.--
_gCapítulo IX.
_tAscensos.--
_gCapítulo X.
_tTraslados.--
_gCapítulo XI.
_tJusticia Militar y regimen disciplinario.--
_gCapítulo XII.
_tCondecoraciones y Conferimientos de Medallas.--
_gSEGUNDA PARTE.
_gCapítulo XIII.
_tVacaciones, Licencias y Permisos.--
_gCapítulo XIV.
_tAdministración y Sueldos.--
_gCapítulo XV.
_tInspecciones.--
_gCapítulo XVI.
_tVestuarios y Equipos.--
_gCapítulo XVII.
_tEscuelas y Centros de Instruccio.--
_gCapítulo XVII.
_tBanderas, Insignias e Himnos.--
_gCapítulo XIX.
_tRetiro Militar.--
_gCapítulo XX.
_tSeparaciones y Bajas.--
_gCapítulo XXI.
_tDisposiciones Generales.
590 _aInventariado 2023 / MF
710 1 _aRepública Dominicana.
_bEjercito Nacional
_958697
942 _2ddc
_cLBS1
999 _c55377
_d55377